| 000 | 00894nam a2200265 i 4500 | ||
|---|---|---|---|
| 003 | DO-SdBNP | ||
| 005 | 20250217133053.0 | ||
| 007 | ta | ||
| 008 | 250217b2014 dr ac||| |||| 00| 0 spa d | ||
| 020 | _a9789945588064 | ||
| 040 |
_aDO-SdBNP _bspa _cBNPHU _erda |
||
| 082 | 4 |
_axxx _bM578a _222 |
|
| 100 |
_aMesa, Ramón, _d1976- _eautor _4aut. _943164 |
||
| 245 | 1 | 0 |
_aArte taíno en San Cristobal : _bun enfoque contemporáneo / _cRamón Mesa |
| 264 | 4 |
_aSanto Domingo : _bEdiciones Rumbo Sur, _c©2014. |
|
| 300 |
_a241 páginas : _bilustraciones, retratos ; _c23 cm. |
||
| 336 |
_atecto _btxt _2rdacontent |
||
| 337 |
_asin mediación _bn _2rdamedia |
||
| 338 |
_avolumen _bnc _2rdacarrier |
||
| 500 | _aIncluye datos biográficos del autor en la solapa de la cubierta | ||
| 504 | _aBibliografía : páginas 227-241 | ||
| 590 | _aInventariado, 2025/BT | ||
| 910 | _aBtavárez | ||
| 942 |
_2ddc _cLBS1 |
||
| 999 |
_c58121 _d58121 |
||